[Event "IV Open Internacional Ciutat d"]
[Site "Palma"]
[Date "2009.11.22"]
[Round "2.56"]
[White "Navarrete Abraham, Jorge"]
[Black "Simon, Laurent"]
[Result "1-0"]
[WhiteElo "1671"]
[BlackElo "2058"]
[PlyCount "89"]
[EventDate "2009.11.21"]

1. e4 e5 2. Nf3 Nc6 3. Bc4 Nf6 4. Nc3 Bb4 5. d3 d6 6. O-O Bg4 7. Bg5 Bxc3 8.
bxc3 h6 9. Bh4 g5 10. Bg3 Qe7 11. Bb5 O-O 12. Re1 Nd7 13. d4 Kg7 14. d5 Nd8 15.
h3 Bh5 16. Bh2 Nc5 17. g4 Bg6 18. Nd2 Rh8 19. Kg2 h5 20. f3 hxg4 21. hxg4 a6
22. Be2 f6 23. Bg1 Nf7 24. Bf2 Rh7 25. Rh1 Rxh1 26. Qxh1 Rh8 27. Qc1 Nd8 28.
Qb2 Nd7 29. Qa3 Be8 30. Nb3 Nf8 31. Rb1 Ng6 32. Na5 Nf4+ 33. Kf1 Rh1+ 34. Bg1
Rxg1+ 35. Kxg1 Nxe2+ 36. Kf2 Nf4 37. Nxb7 Bb5 38. Na5 c6 39. c4 Qa7+ 40. Qe3
Qxe3+ 41. Kxe3 Ba4 42. Rb8 cxd5 43. Rxd8 d4+ 44. Kd2 Ng2 45. Nb3 1-0

[Event "IV Open Internacional Ciutat d"]
[Site "Palma"]
[Date "2009.11.22"]
[Round "2.53"]
[White "Valls Casas, Jordi"]
[Black "Ramon Sanchez Campins, Pedro"]
[Result "1-0"]
[WhiteElo "2076"]
[BlackElo "1781"]
[PlyCount "59"]
[EventDate "2009.11.21"]

1. d4 d5 2. Nf3 Nf6 3. g3 c6 4. Bg2 Bf5 5. O-O Nbd7 6. Nbd2 e6 7. c4 Bd6 8.
cxd5 exd5 9. Nh4 Bg6 10. f4 Be4 11. Nxe4 Nxe4 12. Nf5 Bf8 13. g4 Nd6 14. Ng3
Be7 15. e4 dxe4 16. Nxe4 O-O 17. f5 Nxe4 18. Bxe4 Bg5 19. Qd3 Bxc1 20. Raxc1
Nf6 21. Bf3 Nd5 22. Bxd5 Qxd5 23. f6 Rfd8 24. Rcd1 c5 25. Qg3 cxd4 26. Rf5 Qd6
27. Qh4 g6 28. Rh5 gxh5 29. Qg5+ Kf8 30. Re1 1-0

[Event "IV Open Internacional Ciutat d"]
[Site "Palma"]
[Date "2009.11.22"]
[Round "2.10"]
[White "Haslinger, Stewart G"]
[Black "Roy Chowdhury, Saptarshi"]
[Result "1/2-1/2"]
[WhiteElo "2548"]
[BlackElo "2427"]
[PlyCount "117"]
[EventDate "2009.11.21"]

1. e4 c5 2. Nf3 Nc6 3. d4 cxd4 4. Nxd4 g6 5. c4 Bg7 6. Be3 Nf6 7. Nc3 O-O 8.
Be2 b6 9. O-O Bb7 10. f3 Qb8 11. Qd2 Rd8 12. Ndb5 d6 13. Nd5 Rd7 14. Bg5 Qf8
15. Bxf6 Bxf6 16. Nxf6+ exf6 17. f4 Re8 18. Nc3 Qg7 19. Bd1 Rdd8 20. Ba4 Re6
21. Rae1 f5 22. Bxc6 Bxc6 23. exf5 gxf5 24. Nd5 Rde8 25. Rxe6 Rxe6 26. Rf3 Kh8
27. Rg3 Rg6 28. Ne7 Rxg3 29. hxg3 Be4 30. Qxd6 h6 31. Nd5 Qd4+ 32. Kh2 Kg7 33.
Qe5+ Qxe5 34. fxe5 b5 35. b3 bxc4 36. bxc4 Kf8 37. Nf4 Ke7 38. Kh3 Kd7 39. Kh4
Kc6 40. Kh5 Kc5 41. Kxh6 Kd4 42. Kg7 Kxe5 43. Kxf7 Kd4 44. c5 Kxc5 45. Ke6 Kd4
46. Ng6 Bd5+ 47. Kxf5 Bxa2 48. Ne5 Bd5 49. Nf3+ Kc3 50. Ke5 Bc4 51. Ng5 a5 52.
Ne4+ Kb4 53. Kd4 Bf1 54. g4 Bxg2 55. g5 Bh3 56. g6 Be6 57. g7 a4 58. Nc5 Bg8
59. Nxa4 1/2-1/2

[Event "IV Open Internacional Ciutat d"]
[Site "Palma"]
[Date "2009.11.22"]
[Round "2.11"]
[White "Hernandez Gallardo, Fco  Javier"]
[Black "Malakhatko, Vadim"]
[Result "1/2-1/2"]
[WhiteElo "2360"]
[BlackElo "2544"]
[PlyCount "157"]
[EventDate "2009.11.21"]

1. e4 e6 2. d4 d5 3. Nc3 Bb4 4. e5 b6 5. Qg4 Bf8 6. Nf3 Ba6 7. Bxa6 Nxa6 8. a3
Qd7 9. O-O Ne7 10. Ne2 Nf5 11. b4 Nb8 12. Ng3 Nc6 13. Bd2 Nce7 14. Nh5 Ng6 15.
Qh3 Qc6 16. g4 Nfe7 17. Rfc1 Ng8 18. Be3 f6 19. c3 O-O-O 20. a4 Kb7 21. b5 Qd7
22. Qf1 fxe5 23. Nxe5 Nxe5 24. dxe5 g6 25. Nf4 Bg7 26. Nd3 Ne7 27. Bg5 Rdf8 28.
a5 h5 29. axb6 cxb6 30. Nb4 Nc8 31. Nc6 hxg4 32. Qg2 Bh6 33. Bxh6 Rxh6 34. Ra6
Ka8 35. Rca1 Rf4 36. Qg3 Rc4 37. Rxa7+ Nxa7 38. Rxa7+ Qxa7 39. Nxa7 Kxa7 40.
Qe3 Rh7 41. Qd2 Rhc7 42. Qa2+ Kb8 43. Qa6 Rb7 44. Qa3 Rc5 45. Qa4 Rxc3 46. Qxg4
Re7 47. Qxg6 d4 48. Kf1 d3 49. Ke1 Rd7 50. Kd2 Rc2+ 51. Kd1 Rcc7 52. Kd2 Rc2+
53. Kd1 Kc7 54. Qxe6 Rc5 55. Qa2 Rxe5 56. Qa7+ Kd6 57. Qxb6+ Ke7 58. Qg6 Rxb5
59. Qe4+ Kd6 60. Kd2 Rd5 61. Qb4+ Kc7 62. Qc4+ Kb6 63. Qb4+ Rb5 64. Qg4 Rdd5
65. Qc4 Rbc5 66. Qb4+ Kc6 67. Qa4+ Kb6 68. Qb3+ Rb5 69. Qc4 Rb2+ 70. Kd1 Rdb5
71. Qe6+ Kc7 72. Qc4+ Kb8 73. h4 d2 74. h5 Rb7 75. Qf4+ Rc7 76. h6 Kc8 77. Qf5+
Kb7 78. Qe4+ Kc8 79. Qf5+ 1/2-1/2

[Event "IV Open Internacional Ciutat d"]
[Site "Palma"]
[Date "2009.11.22"]
[Round "2.32"]
[White "Lemeaux, David"]
[Black "Aloma Vidal, Robert"]
[Result "1/2-1/2"]
[WhiteElo "2217"]
[BlackElo "2458"]
[PlyCount "99"]
[EventDate "2009.11.21"]

1. d4 Nf6 2. c4 g6 3. g3 Bg7 4. Bg2 O-O 5. Nf3 d5 6. cxd5 Nxd5 7. Nc3 Nb6 8.
O-O Nc6 9. e3 Re8 10. b3 a5 11. Bb2 a4 12. Nxa4 Nxa4 13. bxa4 Qd6 14. Bc3 Qa3
15. Qc1 Rxa4 16. Nd2 Qd6 17. Ne4 Qd8 18. Nc5 Ra7 19. a4 e5 20. d5 Ne7 21. Rd1
Nf5 22. Ne4 Nd6 23. Nxd6 cxd6 24. a5 h5 25. Qb2 Qe7 26. Rdc1 h4 27. Bf1 Bf5 28.
Qb6 Rea8 29. Bb4 Be4 30. Rc7 Qf6 31. Be2 Bxd5 32. Rd1 hxg3 33. hxg3 Qe6 34.
Qxd6 Qxd6 35. Bxd6 Rxa5 36. Bb4 Ra1 37. Bc3 Rxd1+ 38. Bxd1 Bc6 39. Bb3 Rf8 40.
Bb4 Rd8 41. Bxf7+ Kh7 42. f4 Kh6 43. Be7 Rd1+ 44. Kf2 exf4 45. gxf4 Rd2+ 46.
Kg3 Re2 47. Bg5+ Kh5 48. Re7 Bh6 49. Bf6 Bxf4+ 50. exf4 1/2-1/2

[Event "IV Open Internacional Ciutat d"]
[Site "Palma"]
[Date "2009.11.22"]
[Round "2.2"]
[White "Mamedov, Nidjat"]
[Black "Gaponenko, Inna"]
[Result "1/2-1/2"]
[WhiteElo "2617"]
[BlackElo "2457"]
[PlyCount "71"]
[EventDate "2009.11.21"]

1. e4 c5 2. Nf3 d6 3. d4 cxd4 4. Nxd4 Nf6 5. Nc3 Nc6 6. f3 e5 7. Nb3 Be7 8. Be3
O-O 9. Qd2 a5 10. Bb5 Be6 11. Rd1 Na7 12. Bd3 Nc8 13. O-O a4 14. Nc1 Nb6 15.
Qf2 Nc4 16. Bxc4 Bxc4 17. Rfe1 Qa5 18. a3 Rfc8 19. Nd3 Be6 20. Bb6 Qa6 21. Nb4
Qc4 22. Rd3 Rc6 23. Be3 Rcc8 24. Red1 h6 25. Qd2 Qc7 26. Nb5 Qb8 27. Nxd6 Rd8
28. Nb5 Rc8 29. Nd6 Rd8 30. Nf5 Bxf5 31. exf5 e4 32. Rxd8+ Bxd8 33. fxe4 Be7
34. g3 Nxe4 35. Qg2 Nf6 36. Nd5 1/2-1/2

[Event "IV Open Internacional Ciutat d"]
[Site "Palma"]
[Date "2009.11.22"]
[Round "2.42"]
[White "Pastor Alonso De Prado, Emilio"]
[Black "Escofet Llongueras, Joan"]
[Result "1/2-1/2"]
[WhiteElo "2188"]
[BlackElo "1865"]
[PlyCount "87"]
[EventDate "2009.11.21"]

1. e4 e6 2. d4 d5 3. Nd2 Nf6 4. Bd3 Be7 5. Ngf3 O-O 6. Qe2 dxe4 7. Nxe4 Nbd7 8.
O-O Nxe4 9. Qxe4 Nf6 10. Qh4 g6 11. Re1 h5 12. Bg5 Nd5 13. Rad1 Bxg5 14. Nxg5
Kg7 15. c4 Nf6 16. Qf4 Qd6 17. Qc1 b6 18. Be4 Nxe4 19. Nxe4 Qb4 20. a3 Qe7 21.
Qc3 f6 22. f4 Bb7 23. Ng3 Qd6 24. Nf1 Rae8 25. Qg3 c5 26. d5 exd5 27. Ne3 Qd7
28. cxd5 Re4 29. f5 g5 30. Qf3 Rfe8 31. Qxh5 Qf7 32. Qxf7+ Kxf7 33. Kf2 Rd8 34.
Rd2 Rd4 35. Red1 Rf4+ 36. Kg3 Re4 37. Ng4 Bc8 38. Rf1 Rd4 39. Rxd4 cxd4 40. Rd1
Rxd5 41. Ne3 Re5 42. Nc4 Rd5 43. Ne3 Re5 44. Nc4 1/2-1/2

[Event "IV Open Internacional Ciutat d"]
[Site "Palma"]
[Date "2009.11.22"]
[Round "2.5"]
[White "Zdebskaja, Natalia"]
[Black "Sumets, Andrey"]
[Result "1/2-1/2"]
[WhiteElo "2408"]
[BlackElo "2604"]
[PlyCount "40"]
[EventDate "2009.11.21"]

1. e4 c6 2. d4 d5 3. Nc3 dxe4 4. Nxe4 Bf5 5. Ng3 Bg6 6. h4 h6 7. Nf3 Nd7 8. h5
Bh7 9. Bd3 Bxd3 10. Qxd3 e6 11. Bf4 Qa5+ 12. Bd2 Qc7 13. O-O-O O-O-O 14. Ne4
Ngf6 15. g3 Nxe4 16. Qxe4 Bd6 17. Kb1 Nf6 18. Qe2 Rhe8 19. c4 c5 20. Bc3 a6
1/2-1/2

[Event "IV Open Internacional Ciutat d"]
[Site "Palma"]
[Date "2009.11.22"]
[Round "2.17"]
[White "Ali, Ehsan"]
[Black "Franco Ocampos, Zenon"]
[Result "0-1"]
[WhiteElo "2312"]
[BlackElo "2516"]
[PlyCount "84"]
[EventDate "2009.11.21"]

1. e4 c5 2. b3 Nc6 3. Bb2 d5 4. exd5 Qxd5 5. Nc3 Qe6+ 6. Qe2 Qxe2+ 7. Ngxe2 Bf5
8. O-O-O O-O-O 9. g3 e5 10. Bg2 Nd4 11. d3 Nf6 12. Rde1 Bd6 13. Ba3 Rhe8 14.
Nxd4 cxd4 15. Bxd6 Rxd6 16. Ne4 Nxe4 17. Bxe4 Bd7 18. Bg2 g5 19. h4 g4 20. Kd2
f5 21. Re2 Bc6 22. Bxc6 Rxc6 23. Rhe1 Rc5 24. Rf1 Kd7 25. f3 gxf3 26. Rxf3 Ke6
27. Ref2 Rec8 28. Kd1 Rf8 29. Kd2 b5 30. g4 f4 31. Rg2 Rc3 32. Rff2 b4 33. Rf1
e4 34. dxe4 Ke5 35. Rff2 f3 36. Rg1 Rfc8 37. Rc1 Kxe4 38. g5 Kf4 39. Rcf1 Rxc2+
40. Kd3 R2c3+ 41. Kd2 Kg3 42. h5 Rc2+ 0-1

[Event "IV Open Internacional Ciutat d"]
[Site "Palma"]
[Date "2009.11.22"]
[Round "2.49"]
[White "Hermida Izquierdo, Miguel Angel"]
[Black "Planas Gene, Juan"]
[Result "0-1"]
[WhiteElo "1861"]
[BlackElo "2112"]
[PlyCount "76"]
[EventDate "2009.11.21"]

1. c4 Nf6 2. d4 c5 3. d5 b5 4. Nc3 b4 5. Na4 d6 6. b3 g6 7. g3 Bg7 8. Bg2 O-O
9. Qc2 Bf5 10. Qd1 Nbd7 11. Nf3 Nb6 12. Nxb6 axb6 13. Nh4 Ng4 14. Bd2 Bc2 15.
Qxc2 Bxa1 16. h3 Nf6 17. O-O Bc3 18. Bh6 Re8 19. a4 Nd7 20. Nf3 Ra7 21. Ng5 Bg7
22. Bxg7 Kxg7 23. Qe4 h6 24. Nf3 e5 25. Nh4 f5 26. Qc2 Qf6 27. e3 e4 28. Bh1
Ne5 29. Bg2 g5 30. Nxf5+ Qxf5 31. Bxe4 Nf3+ 32. Kg2 Rxe4 33. Rh1 Rf7 34. Rf1
Nh4+ 35. Kh2 Qf3 36. Ra1 Qxf2+ 37. Qxf2 Rxf2+ 38. Kh1 Nf3 0-1

[Event "IV Open Internacional Ciutat d"]
[Site "Palma"]
[Date "2009.11.22"]
[Round "2.45"]
[White "Oliver Amengual, Adria"]
[Black "Serra Olives, Tomas"]
[Result "0-1"]
[WhiteElo "1896"]
[BlackElo "2143"]
[PlyCount "46"]
[EventDate "2009.11.21"]

1. d4 Nf6 2. Bg5 e6 3. e4 h6 4. Bxf6 Qxf6 5. Nc3 d6 6. Qd2 Nd7 7. f4 Qd8 8. Nf3
Be7 9. Bd3 c5 10. O-O-O cxd4 11. Nxd4 Nc5 12. Be2 a6 13. Nf3 b5 14. Qd4 O-O 15.
g4 Bb7 16. h4 Qc7 17. h5 Rac8 18. Rd2 Bf6 19. e5 dxe5 20. fxe5 Bxe5 21. Nxe5
Bxh1 22. b4 Nb3+ 23. axb3 Qxc3 0-1

[Event "IV Open Internacional Ciutat d"]
[Site "Palma"]
[Date "2009.11.22"]
[Round "2.23"]
[White "Ipatov, Alexander"]
[Black "Garcia Del Rey, Senen"]
[Result "1-0"]
[WhiteElo "2487"]
[BlackElo "2278"]
[PlyCount "163"]
[EventDate "2009.11.21"]

1. d4 d6 2. Nf3 g6 3. c4 Bg7 4. Nc3 Bg4 5. e3 c5 6. Be2 cxd4 7. exd4 Nh6 8. h3
Bxf3 9. Bxf3 Nc6 10. g4 O-O 11. Be3 f5 12. Bd5+ Kh8 13. g5 Nf7 14. h4 e6 15.
Bxe6 f4 16. Bxf4 Nxd4 17. Bd5 Ne5 18. Be3 Nef3+ 19. Kf1 Qd7 20. h5 gxh5 21.
Bxd4 Nxd4 22. Qxh5 Qf5 23. Ne4 Nc2 24. g6 h6 25. Qxf5 Rxf5 26. Nxd6 Rxd5 27.
cxd5 Nxa1 28. Nf7+ Kg8 29. d6 Nc2 30. d7 Bf6 31. Rh5 Nd4 32. Rd5 Nc6 33. f4 Nd8
34. Nd6 a5 35. Ne8 Ra6 36. Rc5 Be7 37. Re5 Re6 38. Rxe6 Nxe6 39. f5 Nc5 40. f6
Bd8 41. f7+ Kf8 42. Nd6 b6 43. Nf5 Nxd7 44. Nxh6 Kg7 45. Ng4 Bf6 46. b3 Kxg6
47. Ke2 Kxf7 48. Ne3 Ke6 49. Kd3 Ne5+ 50. Ke4 Be7 51. Nf5 Bc5 52. Ng7+ Kf6 53.
Nh5+ Ke7 54. Kxe5 Kd7 55. Kd5 Kc7 56. Nf4 Kb7 57. Ne2 Bf2 58. Nc3 Be3 59. Nb5
Bf2 60. Kd6 Bg3+ 61. Kd7 Bf2 62. Nd6+ Ka6 63. Kc6 Bg1 64. Ne4 Bd4 65. Nd6 Bc5
66. Nb5 Be3 67. Nd6 Bc5 68. Nb5 Be3 69. Nd6 Bc5 70. Nc8 Be3 71. Ne7 Bf2 72. Nd5
Bg1 73. a3 Bf2 74. b4 axb4 75. axb4 Bg1 76. Ne7 Bf2 77. b5+ Ka7 78. Nc8+ Ka8
79. Nxb6+ Bxb6 80. Kxb6 Kb8 81. Ka6 Ka8 82. b6 1-0

[Event "IV Open Internacional Ciutat d"]
[Site "Palma"]
[Date "2009.11.22"]
[Round "2.48"]
[White "Aguilo Pons, Francesc"]
[Black "Checiak, Krzysztof"]
[Result "0-1"]
[WhiteElo "1867"]
[BlackElo "2122"]
[PlyCount "142"]
[EventDate "2009.11.21"]

1. e4 c5 2. Nf3 e6 3. d4 cxd4 4. Nxd4 Nc6 5. Be3 Nf6 6. Nc3 a6 7. a3 Qc7 8. Be2
Be7 9. O-O O-O 10. f4 d6 11. Kh1 Bd7 12. g4 Nxd4 13. Bxd4 Bc6 14. Bf3 Nd7 15.
Qe2 Rfe8 16. Rad1 Rac8 17. Qg2 e5 18. Be3 exf4 19. Bxf4 Ne5 20. Rf2 Bf8 21. Nd5
Bxd5 22. Rxd5 f6 23. g5 fxg5 24. Bxe5 Rxe5 25. Rxe5 dxe5 26. Qxg5 Rd8 27. Bh5
g6 28. Bg4 Rd6 29. Kg2 Bg7 30. Rd2 Bf6 31. Qe3 Kg7 32. Rxd6 Qxd6 33. Qd3 Qb6
34. Qd7+ Kh6 35. Qf7 Qc6 36. Kf2 Bg7 37. Qb3 Bf6 38. Qd3 Qb5 39. Qf3 Bh4+ 40.
Kg2 Qxb2 41. Qb3 Qd4 42. Qf3 Qd6 43. Qd3 Qb6 44. Kh3 Bg5 45. Qf3 Qc5 46. Qd3
Qf2 47. Qf3 Qxf3+ 48. Bxf3 b5 49. Be2 Be7 50. c4 b4 51. axb4 Bxb4 52. c5 a5 53.
c6 Bd6 54. Kg4 Bc7 55. Bc4 Kg7 56. h3 Kf6 57. Bd5 Bb6 58. Kf3 h6 59. Kg3 a4 60.
Kf3 Kg5 61. Kg3 a3 62. Be6 Ba5 63. Kf3 Kf6 64. Bd5 Ke7 65. Kg4 Kd6 66. Kf3 Kc5
67. Ke3 Kb5 68. Kd3 g5 69. Kc2 Kb4 70. Be6 Bb6 71. Kb1 Kb5 0-1

[Event "IV Open Internacional Ciutat d"]
[Site "Palma"]
[Date "2009.11.22"]
[Round "2.29"]
[White "Brynell, Stellan"]
[Black "Galiana Salom, Juan Ramon"]
[Result "0-1"]
[WhiteElo "2472"]
[BlackElo "2221"]
[PlyCount "134"]
[EventDate "2009.11.21"]

1. Nf3 Nf6 2. c4 c6 3. Nc3 d5 4. e3 e6 5. b3 Bd6 6. Bb2 O-O 7. Qc2 Nbd7 8. Be2
Re8 9. O-O dxc4 10. Bxc4 b5 11. Be2 Bb7 12. Ng5 Rc8 13. f4 a6 14. a4 Qe7 15.
Bh5 g6 16. Bf3 e5 17. f5 Nc5 18. b4 Nxa4 19. fxg6 hxg6 20. Nxa4 bxa4 21. Qc4
Kg7 22. d4 Rc7 23. Rae1 Ra8 24. Bg4 a5 25. dxe5 Bxe5 26. Ne6+ Qxe6 27. Bxe6
Bxb2 28. Qc2 a3 29. Bc4 axb4 30. Rb1 Bc3 31. Rb3 a2 32. Rb2 a1=Q 33. Rxa1 Rxa1+
34. Rb1 Rxb1+ 35. Qxb1 c5 36. Qa2 Rd7 37. Qa5 Ne4 38. Qa4 Rd2 39. h4 Bd5 40.
Bxd5 Rxd5 41. Qb3 Rd3 42. h5 Rxe3 43. h6+ Kxh6 44. Qxf7 Re1+ 45. Kh2 Be5+ 46.
g3 Bxg3+ 47. Kg2 Re2+ 48. Kh1 Rf2 49. Qe8 Rf4 50. Kg2 g5 51. Qe6+ Kh5 52. Qe8+
Kh6 53. Qe6+ Kg7 54. Qe7+ Kg6 55. Qe6+ Nf6 56. Kxg3 c4 57. Kg2 b3 58. Qb6 Re4
59. Kf3 g4+ 60. Kg3 Re2 61. Qd4 Rc2 62. Qd1 Kf5 63. Qf1+ Ke6 64. Qd1 Rc3+ 65.
Kh4 Rd3 66. Qa1 Kf5 67. Qb1 Ne4 0-1

[Event "IV Open Internacional Ciutat d"]
[Site "Palma"]
[Date "2009.11.22"]
[Round "2.12"]
[White "Movsziszian, Karen"]
[Black "Zude, Erik"]
[Result "1/2-1/2"]
[WhiteElo "2541"]
[BlackElo "2409"]
[PlyCount "119"]
[EventDate "2009.11.21"]

1. g3 Nf6 2. Bg2 c5 3. d3 g6 4. e4 d6 5. f4 Bg7 6. Nf3 O-O 7. O-O Nc6 8. Nc3
Rb8 9. h3 b5 10. g4 b4 11. Ne2 c4 12. Be3 Ba6 13. Ng3 Nd7 14. Rb1 cxd3 15. cxd3
b3 16. a3 Nc5 17. d4 Na4 18. Rf2 Na5 19. Bf1 Bxf1 20. Qxf1 d5 21. e5 Nc4 22.
Qd3 f6 23. Kg2 Qb6 24. Bc1 e6 25. h4 Qb5 26. exf6 Bxf6 27. Qe2 Rb6 28. h5 Qd7
29. hxg6 hxg6 30. Qd3 Qg7 31. Ne5 Bxe5 32. dxe5 Rc8 33. Be3 Nxe3+ 34. Qxe3 Rc4
35. Rd1 Rc2 36. Rdd2 Nxb2 37. Rxc2 bxc2 38. Rxc2 Nc4 39. Qd4 Qe7 40. f5 exf5
41. gxf5 Qg5 42. Rc3 Rb2+ 43. Kh3 Qh6+ 44. Kg4 Rh2 45. Rxc4 Rh4+ 46. Kf3 Rxd4
47. Rxd4 Qc1 48. Rd3 Qc4 49. Re3 Kf7 50. fxg6+ Ke6 51. Ne2 d4 52. Re4 Qd3+ 53.
Kf4 Qd2+ 54. Kg4 Qd1 55. Kg5 d3 56. Nf4+ Ke7 57. Nd5+ Ke6 58. Nf4+ Ke7 59. Nd5+
Ke6 60. Nf4+ 1/2-1/2

[Event "IV Open Internacional Ciutat d"]
[Site "Palma"]
[Date "2009.11.22"]
[Round "2.59"]
[White "Ponce Cano, Adrian"]
[Black "Do Santos Julio, Joao Manuel"]
[Result "0-1"]
[WhiteElo "1625"]
[BlackElo "2043"]
[PlyCount "104"]
[EventDate "2009.11.21"]

1. Nf3 c5 2. g3 e6 3. Bg2 Nf6 4. O-O d5 5. c3 Nc6 6. d4 Be7 7. Bg5 O-O 8. Bxf6
Bxf6 9. dxc5 Qe7 10. Nd4 Qxc5 11. Nxc6 bxc6 12. Qc2 Ba6 13. Re1 Rab8 14. Nd2
Qb6 15. Rab1 Rfd8 16. e4 g6 17. e5 Bg7 18. Nf3 Qa5 19. Nd4 Qc7 20. Qa4 Rb6 21.
Nf3 Bd3 22. Rbd1 Be4 23. Nd4 Bxg2 24. Kxg2 c5 25. Nb3 c4 26. Nd4 Rxb2 27. Rf1
Rdb8 28. Nc6 Qd7 29. Qa6 R2b6 30. Nxb8 Qc7 31. Qa4 Qxb8 32. Qc2 Qxe5 33. Rb1
Qxc3 34. Qxc3 Bxc3 35. Rxb6 axb6 36. Rb1 Bd4 37. f4 Kf8 38. Kf3 Ke7 39. Ke2 Kd6
40. a4 Bc5 41. Kf3 d4 42. g4 Kd5 43. h4 d3 44. g5 c3 45. Rd1 Kd4 46. Re1 c2 47.
Re4+ Kc3 48. Re1 d2 49. h5 dxe1=Q 50. hxg6 hxg6 51. f5 exf5 52. a5 Qf2# 0-1

[Event "IV Open Internacional Ciutat d"]
[Site "Palma"]
[Date "2009.11.22"]
[Round "2.51"]
[White "Boulkrouche, Yacine"]
[Black "Shen, Yue"]
[Result "1/2-1/2"]
[WhiteElo "2082"]
[BlackElo "1809"]
[PlyCount "99"]
[EventDate "2009.11.21"]

1. e4 c5 2. Nf3 d6 3. d4 cxd4 4. Nxd4 Nf6 5. Nc3 g6 6. Be2 Bg7 7. Be3 O-O 8. f3
Nc6 9. Qd2 d5 10. O-O-O e6 11. g4 dxe4 12. Nxc6 Qxd2+ 13. Rxd2 bxc6 14. Nxe4
Nxe4 15. fxe4 a5 16. Rd6 Be5 17. Rd2 a4 18. a3 Rb8 19. c3 Bb7 20. Rd7 c5 21.
Bxc5 Bf4+ 22. Kd1 Rfd8 23. Rxd8+ Rxd8+ 24. Ke1 Bxe4 25. Rf1 Bxh2 26. Bf3 Bg3+
27. Bf2 Bxf3 28. Bxg3 Rd1+ 29. Kf2 Rxf1+ 30. Kxf1 Bxg4 31. Be5 Bf3 32. Kf2 Bd5
33. Bf6 Kf8 34. Ke3 Ke8 35. Kd4 Kd7 36. c4 Bc6 37. Kc5 Kc7 38. Be5+ Kd7 39. Bf6
Be4 40. Kb5 Bc6+ 41. Kc5 Be4 42. Kb5 Bc2 43. c5 Kc7 44. Be5+ Kc8 45. Bf6 Bb3
46. Kc6 h6 47. Bg7 g5 48. Bxh6 g4 49. Kd6 f6 50. Bg7 1/2-1/2

[Event "IV Open Internacional Ciutat d"]
[Site "Palma"]
[Date "2009.11.22"]
[Round "2.1"]
[White "Gerzhoy, Leonid"]
[Black "Mirzoev, Azer"]
[Result "1-0"]
[WhiteElo "2456"]
[BlackElo "2617"]
[PlyCount "99"]
[EventDate "2009.11.21"]

1. d4 d5 2. c4 c6 3. Nf3 Nf6 4. Nc3 dxc4 5. a4 e6 6. e4 Bb4 7. e5 Nd5 8. Bd2 b5
9. Ng5 Nxc3 10. bxc3 Bxc3 11. Bxc3 Qxg5 12. axb5 O-O 13. b6 Ba6 14. bxa7 Rxa7
15. Qf3 c5 16. h4 Qe7 17. d5 exd5 18. Qxd5 Rd7 19. Qe4 Bb7 20. Qf4 Nc6 21. Bxc4
Nd4 22. O-O Bd5 23. Bd3 Ne6 24. Qg3 Bxg2 25. Rfd1 Bc6 26. f4 Nd4 27. Kf2 f6 28.
Bc4+ Bd5 29. Bxd5+ Rxd5 30. Bxd4 Rxd4 31. Rxd4 cxd4 32. Qb3+ Kh8 33. e6 f5 34.
h5 h6 35. Qd5 Qh4+ 36. Ke2 Qxf4 37. Ra8 Qh2+ 38. Kd3 Qg3+ 39. Kxd4 Qf2+ 40. Kc4
Qc2+ 41. Kb4 Qb2+ 42. Kc5 Qc3+ 43. Kd6 Rxa8 44. Qxa8+ Kh7 45. e7 Qf6+ 46. Kd7
Qd4+ 47. Ke8 f4 48. Qg2 Kg8 49. Qa2+ Kh7 50. Kf8 1-0

[Event "IV Open Internacional Ciutat d"]
[Site "Palma"]
[Date "2009.11.22"]
[Round "2.34"]
[White "Lumsdon, Andrew"]
[Black "Ortega Ruiz, Jose Miguel"]
[Result "1-0"]
[WhiteElo "2057"]
[BlackElo "2326"]
[PlyCount "95"]
[EventDate "2009.11.21"]

1. d4 d5 2. Nf3 Nf6 3. e3 c6 4. c4 e6 5. a3 Nbd7 6. Nbd2 Bd6 7. b4 O-O 8. Bb2
Re8 9. Qb3 e5 10. cxd5 exd4 11. Bxd4 Nxd5 12. Bc4 N7f6 13. O-O Qe7 14. e4 b5
15. Bd3 Nxb4 16. e5 Nxd3 17. exf6 Qe2 18. Qc3 c5 19. Rae1 Nxe1 20. Rxe1 cxd4
21. Qc6 Qxe1+ 22. Nxe1 Rxe1+ 23. Nf1 Be6 24. Qxa8+ Bf8 25. fxg7 Kxg7 26. Qd8 f6
27. Qa5 Rb1 28. Qc7+ Kg6 29. Qg3+ Kf7 30. Qc7+ Be7 31. Qc2 Rb3 32. Qxh7+ Ke8
33. h4 d3 34. Nd2 Rb2 35. Qxd3 b4 36. axb4 Rxb4 37. h5 f5 38. Nf3 a5 39. Nd4
Kf7 40. Nxe6 Kxe6 41. Qa6+ Bd6 42. g3 a4 43. h6 a3 44. Qc8+ Kd5 45. Qxf5+ Kd4
46. h7 Rb8 47. Qg4+ Kd3 48. Qg8 1-0

[Event "IV Open Internacional Ciutat d"]
[Site "Palma"]
[Date "2009.11.22"]
[Round "2.31"]
[White "Pogorelov, Ruslan"]
[Black "Ahlstrom, Per"]
[Result "1-0"]
[WhiteElo "2469"]
[BlackElo "1910"]
[PlyCount "95"]
[EventDate "2009.11.21"]

1. Nf3 Nf6 2. c4 g6 3. Nc3 Bg7 4. e4 d6 5. d4 O-O 6. Be2 e5 7. O-O Nc6 8. d5
Ne7 9. Ne1 Ne8 10. Be3 f5 11. f3 f4 12. Bf2 g5 13. c5 h5 14. a4 Rf7 15. cxd6
Nxd6 16. Nd3 b6 17. Nb5 Ng6 18. Nxd6 Qxd6 19. a5 Bd7 20. Be1 Bf8 21. Bb4 Qf6
22. Bxf8 Raxf8 23. Nf2 Qd6 24. axb6 axb6 25. Qb3 Nh4 26. h3 Kh8 27. Bb5 Rg7 28.
Bxd7 Qxd7 29. Qc3 Qe7 30. Rfc1 Rff7 31. Ra8+ Kh7 32. Qc6 g4 33. Re8 gxh3 34.
Nxh3 Rxg2+ 35. Kf1 Qd7 36. Qxd7 Rxd7 37. Rxe5 Rh2 38. Rxh5+ Kg7 39. Rxh4 Rh1+
40. Ke2 Rxc1 41. Nxf4 Rc2+ 42. Ke3 Rxb2 43. Ne6+ Kg8 44. Rg4+ Kh8 45. Rf4 b5
46. Rf8+ Kh7 47. Rc8 Rf7 48. Ng5+ 1-0

[Event "IV Open Internacional Ciutat d"]
[Site "Palma"]
[Date "2009.11.22"]
[Round "2.4"]
[White "Gelashvili, Tamaz"]
[Black "Bellaiche, Anthony"]
[Result "1-0"]
[WhiteElo "2610"]
[BlackElo "2452"]
[PlyCount "91"]
[EventDate "2009.11.21"]

1. e4 c5 2. Nc3 d6 3. f4 Nc6 4. Nf3 e6 5. Bb5 Nge7 6. d4 cxd4 7. Nxd4 a6 8. Ba4
b5 9. Bb3 Nxd4 10. Qxd4 Nc6 11. Qd3 Be7 12. O-O O-O 13. Be3 Qc7 14. Rad1 Bd7
15. Qe2 Na5 16. Qf2 Qb7 17. Rd4 Bc6 18. a3 Nxb3 19. cxb3 Rad8 20. Qg3 f5 21.
exf5 Rxf5 22. Rd2 Rdf8 23. Rff2 b4 24. Ne2 bxa3 25. bxa3 Bd5 26. b4 Rc8 27. Bd4
Bf8 28. Nc3 Bc4 29. h3 a5 30. bxa5 Rxa5 31. a4 Qf7 32. Bb6 Rf5 33. Nd1 Ba6 34.
Ne3 Rf6 35. Qf3 Bb7 36. Qe2 Rc3 37. Kh2 Rg6 38. f5 exf5 39. Nxf5 Qb3 40. a5 Rc1
41. Qd3 Qa4 42. Ra2 Qb4 43. Nh4 Rg5 44. Qe3 Bd5 45. Rxf8+ Kxf8 46. Rf2+ 1-0

[Event "IV Open Internacional Ciutat d"]
[Site "Palma"]
[Date "2009.11.22"]
[Round "2.14"]
[White "Abergel, Thal"]
[Black "Quillan, Gary"]
[Result "1-0"]
[WhiteElo "2533"]
[BlackElo "2394"]
[PlyCount "87"]
[EventDate "2009.11.21"]

1. d4 c5 2. e3 g6 3. Nf3 Bg7 4. c3 Qc7 5. e4 b6 6. Bd3 Bb7 7. O-O Nf6 8. Re1 c4
9. Bc2 O-O 10. Nbd2 d6 11. Nf1 e5 12. Ng3 Nbd7 13. h4 d5 14. dxe5 Nxe4 15. Nxe4
dxe4 16. Bxe4 Nc5 17. Bxb7 Qxb7 18. b3 Nd3 19. Re2 Rfe8 20. bxc4 Nxe5 21. Nxe5
Rxe5 22. Ba3 Re4 23. Qd3 Rae8 24. Rae1 Rxe2 25. Rxe2 Qc8 26. Re3 h5 27. c5 Rxe3
28. Qxe3 bxc5 29. Bxc5 a6 30. Bd4 Bxd4 31. Qxd4 Qf5 32. a4 Qb1+ 33. Kh2 Qa2 34.
g3 Qb2 35. Kg2 Qb7+ 36. Kh2 Qb2 37. a5 Qb5 38. Qb4 Qf1 39. Qc5 Qe2 40. c4 Qa2
41. Kg2 Qc2 42. Qc8+ Kg7 43. Qxa6 Qe4+ 44. Kh2 1-0

[Event "IV Open Internacional Ciutat d"]
[Site "Palma"]
[Date "2009.11.22"]
[Round "2.9"]
[White "Pons Sastre, Santiago"]
[Black "Maslak, Konstantin"]
[Result "1/2-1/2"]
[WhiteElo "2380"]
[BlackElo "2569"]
[PlyCount "87"]
[EventDate "2009.11.21"]

1. c4 Nf6 2. Nc3 e5 3. Nf3 Nc6 4. e3 Bb4 5. Qc2 O-O 6. Nd5 Be7 7. a3 d6 8. Bd3
h6 9. Nxf6+ Bxf6 10. Be4 Ne7 11. d4 g6 12. Bd2 c5 13. dxc5 dxc5 14. Bc3 Qc7 15.
O-O Be6 16. Rfd1 Rad8 17. b3 Bg7 18. Qb2 f6 19. Ne1 b6 20. Nd3 Kh7 21. f4 Bf5
22. Bxf5 Nxf5 23. Qe2 e4 24. Nf2 Qe7 25. Ra2 Rxd1+ 26. Nxd1 Rd8 27. Rd2 Rxd2
28. Qxd2 Qd6 29. Qxd6 Nxd6 30. g4 f5 31. Bxg7 Kxg7 32. gxf5 gxf5 33. Nc3 Nb7
34. Nb1 Na5 35. Nd2 a6 36. a4 Kg6 37. Kf2 Nc6 38. Nb1 Na5 39. Nd2 Kh5 40. Kg3
Kg6 41. Kh4 Nc6 42. Nb1 Na5 43. Nd2 Nc6 44. Nb1 1/2-1/2